000 01666nam0a2200397 4500
001 RU\NLR\bibl\1422554
005 20260405190825.0
010 _a5-89647-149-1
_91000
021 _aRU
_b2009-63334
_93905
035 _a(nilc)RSL-KNO-004367868
035 _a(NLR Aleph) 001414492
090 _a1303393
_c1303393
100 _a20090724d2008 |||y0rusy50 ca
101 0 _arus
102 _aRU
105 _ay |||||||||
200 1 _aНовый Завет
_eконтекст, формирование, содержание
_fБрюс М. Мецгер
_g[пер. с англ. Г. Ястребов]
205 _a2-е изд.
210 _aМосква
_cБиблейско-богословский институт св. апостола Андрея
_d2008
215 _a360 с.
_d22
225 1 _aСовременная библеистика
300 _aЗагл. и авт. ориг.: The New Teestament / Bruce M. Metzger
320 _aБиблиогр.: с. 341-345
320 _aИмен. указ.: с. 346-360
454 0 _12001#$aThe New Teestament$fBrjus M. Mecger
_1700#1$aMecger$bB. M.$f1914-2007$gBrjus M$4070
_tThe New Teestament
_aMecger, Brjus M (1914-2007)
605 _aБиблия
_iНовый Завет
_xИсследование текста
_91153960
_3RU\NLR\auth\66142780
686 _aЭ37-22,0
_2rubbk
686 _aЭ37-220.2
700 1 _4070
_8rus
_7ca
_aМецгер
_bБ. М.
_f1914-2007
_gБрюс М.
_3RU\NLR\auth\7782930
_965858
801 0 _aRU
_bРГБ
_c20090724
_grcr
801 1 _aRU
_bРГБ
_c20090724
801 2 _aRU
_bNLR
_c20091012
_grcr
942 _cBOOK
980 _aNB